[Event "DESC SE078 email"]
[Site "DESC email"]
[Date "2002.09.10"]
[Round "?"]
[White "Fischer, Kai"]
[Black "Moelder, Bernd"]
[Result "1/2-1/2"]
[WhiteElo "2022"]
[BlackElo "1910"]
[PlyCount "83"]
[EventDate "2002.??.??"]
[EventType "tourn (corr)"]
[EventRounds "6"]
[EventCountry "GER"]
[SourceTitle "Corr 2004"]
[Source "ChessBase"]
[SourceDate "2003.04.28"]
[SourceVersion "3"]
[SourceVersionDate "2003.04.28"]
[SourceQuality "1"]

1. Nf3 d6 2. e4 Nf6 3. Nc3 c6 4. d4 Bg4 5. h3 Bh5 6. Bd3 e6 7. Qe2 d5 8. e5 Nfd7 9. Be3 Bxf3 10. Qxf3 c5 11. dxc5 Nc6 12. Bb5 Ndxe5 13. Qg3 Ng6 14. 0-0 Be7 15. Ne2 0-0 16. c3 a6 17. Bd3 Nce5 18. Bc2 Rc8 19. Bd4 Qc7 20. f4 Nc4 21. b4 Bh4 22. Qd3 Rfe8 23. g3 Bd8 24. a4 a5 25. Bb3 e5 26. Bxe5 Ngxe5 27. fxe5 Rxe5 28. Nf4 Bf6 29. Rae1 Rd8 30. Bxc4 dxc4 31. Qxc4 h6 32. Rxe5 Qxe5 33. b5 Rd2 34. Kh1 Rc2 35. Qd5 Rxc3 36. Qxb7 Rxg3 37. Qa8+ Kh7 38. Qd5 Qe3 39. Qf5+ Kh8 40. b6 Bd4 41. Qc8+ Kh7 42. Qf5+ 1/2-1/2

[Event "DESC SE078 email"]
[Site "DESC email"]
[Date "2002.09.10"]
[Round "?"]
[White "Fischer, Kai"]
[Black "Zirwes, Hans Juergen"]
[Result "1/2-1/2"]
[WhiteElo "2022"]
[BlackElo "1939"]
[PlyCount "52"]
[EventDate "2002.??.??"]
[EventType "tourn (corr)"]
[EventRounds "6"]
[EventCountry "GER"]
[SourceTitle "Corr 2004"]
[Source "ChessBase"]
[SourceDate "2003.04.28"]
[SourceVersion "3"]
[SourceVersionDate "2003.04.28"]
[SourceQuality "1"]

1. d4 Nf6 2. Nf3 d5 3. e3 c6 4. c4 e6 5. Nc3 Nbd7 6. Qc2 Bd6 7. Bd3 0-0 8. 0-0 dxc4 9. Bxc4 b5 10. Bd3 Bb7 11. a3 a5 12. Ng5 Bxh2+ 13. Kh1 h6 14. Nxf7 Qb8 15. f4 Bxf4 16. exf4 Rxf7 17. Bg6 Re7 18. Be3 Qd6 19. Rf3 Rf8 20. Raf1 Nb6 21. Bf2 Nbd5 22. Bg3 Qd7 23. Nxd5 exd5 24. f5 Re4 25. Qc5 Qd8 26. Kg1 Rg4 1/2-1/2

[Event "DESC mT email"]
[Site "DESC email"]
[Date "2002.06.01"]
[Round "?"]
[White "Markus, Roland"]
[Black "Fischer, Kai"]
[Result "1/2-1/2"]
[WhiteElo "2066"]
[BlackElo "2095"]
[PlyCount "139"]
[EventDate "2002.??.??"]
[EventType "team-tourn (corr)"]
[EventRounds "10"]
[EventCountry "GER"]
[SourceTitle "Corr 2008"]
[Source "ChessBase"]
[SourceDate "2008.06.24"]
[SourceVersion "1"]
[SourceVersionDate "2008.06.24"]
[SourceQuality "1"]
[WhiteTeam "Merania"]
[BlackTeam "Merania"]
[WhiteTeamCountry "GER"]
[BlackTeamCountry "GER"]

1. e4 e5 2. Nf3 Nc6 3. d4 exd4 4. Nxd4 Qh4 5. Nc3 Bb4 6. Be2 Nge7 7. 0-0 Bxc3 8. bxc3 Nxd4 9. Qxd4 0-0 10. c4 Nc6 11. Qd5 Re8 12. f3 d6 13. Bg5 Qh5 14. Qd2 Be6 15. Be3 a6 16. Rab1 b6 17. f4 Qa5 18. Bd3 Rad8 19. f5 Qxd2 20. Bxd2 Bc8 21. f6 g6 22. Bf4 Ne5 23. a4 Nd7 24. a5 bxa5 25. Bd2 a4 26. Ba5 Re6 27. Bxc7 Rde8 28. Rb4 Nxf6 29. Rxa4 Nxe4 30. Rb4 f5 31. Rb6 Kg7 32. Ra1 h6 33. Rc6 Kf7 34. c5 d5 35. Bd6 Nxc5 36. Rc7+ Nd7 37. Bxa6 Rd8 38. Bxc8 Rxd6 39. Raa7 Ke7 40. Kf2 g5 41. g3 Ke6 42. Ke3 Ke7 43. h4 Ke6 44. Kd4 gxh4 45. gxh4 f4 46. Kd3 Ke7 47. h5 Ke6 48. Ke2 d4 49. Kf3 Rxc8 50. Rxc8 Kf5 51. Ra5+ Ne5+ 52. Ke2 Re6 53. Rd5 Ke4 54. Rcd8 Nf3 55. R5d6 Rxd6 56. Rxd6 Nh2 57. Re6+ Kf5 58. Re8 Ng4 59. Kd3 f3 60. Rf8+ Nf6 61. Kd2 Ke5 62. Ke1 Nxh5 63. Kf2 Nf4 64. Kxf3 Ng6 65. Rc8 Kf5 66. Kg3 h5 67. Rc5+ Ne5 68. Kh4 Kf4 69. Kxh5 Nf3 70. Rc8 1/2-1/2

[Event "DESC D0157 email"]
[Site "DESC email"]
[Date "2002.04.09"]
[Round "1"]
[White "Fischer, Kai"]
[Black "Warthmann, Stefan"]
[Result "1-0"]
[WhiteElo "1829"]
[BlackElo "1641"]
[PlyCount "57"]
[EventDate "2002.??.??"]
[EventType "tourn (corr)"]
[EventRounds "4"]
[EventCountry "GER"]
[SourceTitle "Corr 2004"]
[Source "ChessBase"]
[SourceDate "2003.04.28"]
[SourceVersion "3"]
[SourceVersionDate "2003.04.28"]
[SourceQuality "1"]

1. e4 c6 2. d4 d5 3. Nc3 e6 4. Nf3 Nf6 5. e5 Nfd7 6. Be3 Bb4 7. a3 Bxc3+ 8. bxc3 0-0 9. Bd3 f5 10. Ng5 Nb6 11. Qh5 h6 12. Nh3 Qe8 13. Qh4 Na4 14. Bd2 Nb2 15. Rb1 Nxd3+ 16. cxd3 Nd7 17. 0-0 b6 18. Qg3 Kh7 19. Rfc1 Qg6 20. Qf3 Ba6 21. Nf4 Qf7 22. c4 Rac8 23. Bb4 c5 24. cxd5 cxd4 25. dxe6 Nxe5 26. Qd5 Qf6 27. Bxf8 Rxf8 28. Nh5 Qg5 29. Qxe5 1-0

[Event "DESC D0143 email"]
[Site "DESC email"]
[Date "2002.02.14"]
[Round "1"]
[White "Preuss, Marco"]
[Black "Fischer, Kai"]
[Result "0-1"]
[WhiteElo "1568"]
[BlackElo "2040"]
[PlyCount "40"]
[EventDate "2002.??.??"]
[EventType "tourn (corr)"]
[EventRounds "4"]
[EventCountry "GER"]
[SourceTitle "Corr 2004"]
[Source "ChessBase"]
[SourceDate "2003.04.28"]
[SourceVersion "3"]
[SourceVersionDate "2003.04.28"]
[SourceQuality "1"]

1. e4 c6 2. Nf3 d5 3. exd5 cxd5 4. d4 Nf6 5. Bg5 Qb6 6. b3 Ne4 7. Bd3 Bg4 8. 0-0 Nxg5 9. Be2 Bxf3 10. Bxf3 Nxf3+ 11. Qxf3 Qxd4 12. Nc3 e6 13. Rad1 Qb4 14. a4 Be7 15. Nxd5 exd5 16. Qxd5 0-0 17. Rfe1 Nc6 18. Re4 Qc3 19. Rf1 Qxc2 20. Qd7 Qxe4 0-1

[Event "DESC D0142 email"]
[Site "DESC email"]
[Date "2002.02.10"]
[Round "1"]
[White "Fischer, Kai"]
[Black "Grott, Peter"]
[Result "0-1"]
[WhiteElo "1766"]
[BlackElo "2118"]
[PlyCount "72"]
[EventDate "2002.??.??"]
[EventType "tourn (corr)"]
[EventRounds "4"]
[EventCountry "GER"]
[SourceTitle "Corr 2004"]
[Source "ChessBase"]
[SourceDate "2003.04.28"]
[SourceVersion "3"]
[SourceVersionDate "2003.04.28"]
[SourceQuality "1"]

1. Nf3 Nf6 2. d4 e6 3. c4 d5 4. Nc3 c6 5. e3 Nbd7 6. Bd3 dxc4 7. Bxc4 b5 8. Bd3 a6 9. 0-0 Bb7 10. e4 c5 11. d5 c4 12. Bc2 Qc7 13. dxe6 fxe6 14. Ng5 Nc5 15. Qe2 h6 16. Nf3 0-0-0 17. Be3 Ncxe4 18. Nxe4 Nxe4 19. a4 Bd6 20. axb5 axb5 21. h3 Qc6 22. Nd4 Qd5 23. Bxe4 Qxe4 24. f3 Qe5 25. Rfd1 Bc5 26. Qf2 g5 27. b3 Rh7 28. Nc2 Rxd1+ 29. Rxd1 Bd6 30. bxc4 bxc4 31. Nd4 Rd7 32. Qe2 Bc5 33. Kf1 Rd6 34. Qd2 h5 35. Qc3 g4 36. hxg4 hxg4 0-1

[Event "DESC D0142 email"]
[Site "DESC email"]
[Date "2002.02.10"]
[Round "1"]
[White "Riepe, Bernhard"]
[Black "Fischer, Kai"]
[Result "1/2-1/2"]
[WhiteElo "1962"]
[BlackElo "1766"]
[PlyCount "76"]
[EventDate "2002.??.??"]
[EventType "tourn (corr)"]
[EventRounds "4"]
[EventCountry "GER"]
[SourceTitle "Corr 2004"]
[Source "ChessBase"]
[SourceDate "2003.04.28"]
[SourceVersion "3"]
[SourceVersionDate "2003.04.28"]
[SourceQuality "1"]

1. d4 Nf6 2. c4 e6 3. Nc3 d5 4. Bg5 Be7 5. e3 0-0 6. Nf3 h6 7. Bh4 Nbd7 8. Rc1 c6 9. Bd3 dxc4 10. Bxc4 Qb6 11. Qc2 Re8 12. 0-0 Bd6 13. Rfd1 Qa5 14. a3 Qh5 15. Ne2 a6 16. Bd3 Qa5 17. h3 Qc7 18. e4 e5 19. d5 c5 20. Qd2 b5 21. b3 Nh5 22. Rc2 Bb7 23. Qc3 Rac8 24. Ng3 Nxg3 25. Bxg3 Bxd5 26. exd5 e4 27. Bxd6 Qxd6 28. Be2 exf3 29. Qxf3 Nf6 30. Qd3 Rcd8 31. Bf3 Re7 32. Re2 Rxe2 33. Bxe2 Rd7 34. Bf3 Re7 35. a4 bxa4 36. bxa4 Rb7 37. Be2 a5 38. Qf5 Rd7 1/2-1/2

[Event "DESC T0066 email"]
[Site "DESC email"]
[Date "2002.01.30"]
[Round "?"]
[White "Fischer, Kai"]
[Black "Rohde, Matse"]
[Result "1/2-1/2"]
[WhiteElo "1753"]
[BlackElo "2042"]
[PlyCount "40"]
[EventDate "2002.??.??"]
[EventType "tourn (corr)"]
[EventRounds "8"]
[EventCountry "GER"]
[SourceTitle "Corr 2004"]
[Source "ChessBase"]
[SourceDate "2003.04.28"]
[SourceVersion "3"]
[SourceVersionDate "2003.04.28"]
[SourceQuality "1"]

1. e4 e5 2. Nf3 Nc6 3. d4 exd4 4. Nxd4 Qh4 5. Nc3 Bb4 6. Ndb5 Qxe4+ 7. Be2 Bxc3+ 8. bxc3 Kd8 9. 0-0 d6 10. Bf3 Qg6 11. Re1 Nge7 12. Rb1 a6 13. Nd4 Re8 14. Bf4 Qf6 15. Qd2 h6 16. a3 Na5 17. Bg3 Rb8 18. Re4 Ng6 19. Rbe1 Rxe4 20. Bxe4 Bd7 1/2-1/2

[Event "DESC T0066 email"]
[Site "DESC email"]
[Date "2002.01.30"]
[Round "?"]
[White "Schulz, Hans Juergen"]
[Black "Fischer, Kai"]
[Result "1/2-1/2"]
[WhiteElo "1928"]
[BlackElo "1753"]
[PlyCount "81"]
[EventDate "2002.??.??"]
[EventType "tourn (corr)"]
[EventRounds "8"]
[EventCountry "GER"]
[SourceTitle "Corr 2004"]
[Source "ChessBase"]
[SourceDate "2003.04.28"]
[SourceVersion "3"]
[SourceVersionDate "2003.04.28"]
[SourceQuality "1"]

1. e4 e5 2. Nf3 Nc6 3. d4 exd4 4. Nxd4 Qh4 5. Nc3 Bb4 6. Ndb5 Qxe4+ 7. Be2 Bxc3+ 8. bxc3 Kd8 9. 0-0 d6 10. Be3 Nge7 11. c4 Bd7 12. c5 dxc5 13. Bxc5 Qd5 14. Qxd5 Nxd5 15. Rad1 Nf4 16. Bg4 Ne5 17. Bf5 Re8 18. Rd2 c6 19. Bxd7 Nxd7 20. Rfd1 Nd5 21. Ba3 N7b6 22. Nd6 Re6 23. Nxb7+ Kc7 24. Nc5 Ree8 25. Kf1 Nc4 26. Rd3 Rad8 27. Bc1 Kc8 28. a3 h6 29. Nb3 Nf6 30. Rxd8+ Rxd8 31. Rxd8+ Kxd8 32. Ke2 Ke7 33. Kd3 Ne5+ 34. Kd4 Nfd7 35. f4 Ng6 36. g3 Ke8 37. Nc5 Ne7 38. Ne4 Nf5+ 39. Kd3 Ke7 40. a4 Ke6 41. Ba3 1/2-1/2

[Event "DESC-ch 2002 email"]
[Site "DESC email"]
[Date "2002.01.07"]
[Round "1.2"]
[White "Ottow, Stefan"]
[Black "Fischer, Kai"]
[Result "1/2-1/2"]
[WhiteElo "1977"]
[BlackElo "1823"]
[PlyCount "43"]
[EventDate "2002.??.??"]
[EventType "swiss (corr)"]
[EventRounds "10"]
[EventCountry "GER"]
[SourceTitle "Corr 2004"]
[Source "ChessBase"]
[SourceDate "2003.04.28"]
[SourceVersion "3"]
[SourceVersionDate "2003.04.28"]
[SourceQuality "1"]

1. d4 Nf6 2. Nf3 e6 3. e3 d5 4. Bd3 c5 5. c3 Nc6 6. Nbd2 Bd6 7. 0-0 0-0 8. dxc5 Bxc5 9. e4 Qc7 10. Qe2 Bd7 11. exd5 exd5 12. Nb3 Rfe8 13. Qc2 Bb6 14. Bg5 Ne4 15. Rae1 Nxg5 16. Nxg5 h6 17. Nf3 Qf4 18. Qd2 Qxd2 19. Nbxd2 Rxe1 20. Rxe1 d4 21. cxd4 Nxd4 22. Be4 1/2-1/2

[Event "DESC E7Kl027 email"]
[Site "DESC email"]
[Date "2002.??.??"]
[Round "?"]
[White "Adamczyk, Matthias"]
[Black "Fischer, Kai"]
[Result "1/2-1/2"]
[WhiteElo "1989"]
[BlackElo "1939"]
[PlyCount "39"]
[EventDate "2002.??.??"]
[EventType "tourn (corr)"]
[EventRounds "6"]
[EventCountry "GER"]
[SourceTitle "Corr 2004"]
[Source "ChessBase"]
[SourceDate "2003.04.28"]
[SourceVersion "3"]
[SourceVersionDate "2003.04.28"]
[SourceQuality "1"]

1. Nf3 Nf6 2. c4 e6 3. Nc3 d5 4. d4 c6 5. e3 Nbd7 6. Bd3 dxc4 7. Bxc4 Bd6 8. e4 e5 9. dxe5 Nxe5 10. Nxe5 Bxe5 11. Qxd8+ Kxd8 12. Bxf7 Bxc3+ 13. bxc3 Nxe4 14. f3 Nxc3 15. Bb2 Ke7 16. Bc4 Nd5 17. Bxd5 cxd5 18. Rc1 Rd8 19. Kf2 Be6 20. Bxg7 1/2-1/2

[Event "DESC A7Kl013 email"]
[Site "DESC email"]
[Date "2002.??.??"]
[Round "?"]
[White "Fischer, Kai"]
[Black "Hahn, Andreas"]
[Result "0-1"]
[WhiteElo "2098"]
[BlackElo "1853"]
[PlyCount "54"]
[EventDate "2002.??.??"]
[EventType "tourn (corr)"]
[EventRounds "6"]
[EventCountry "GER"]
[SourceTitle "Corr 2004"]
[Source "ChessBase"]
[SourceDate "2003.04.28"]
[SourceVersion "3"]
[SourceVersionDate "2003.04.28"]
[SourceQuality "1"]

1. e4 c5 2. c3 Nf6 3. e5 Nd5 4. d4 cxd4 5. Qxd4 e6 6. Nf3 Nc6 7. Qe4 f5 8. exf6 Nxf6 9. Qe3 d5 10. Bb5 Be7 11. Nd4 Qd6 12. b3 e5 13. Nxc6 bxc6 14. Ba3 Qc7 15. Bxe7 Kxe7 16. Be2 Kf7 17. 0-0 Re8 18. Nd2 Kg8 19. Rfe1 Bf5 20. a4 Bg6 21. b4 Rad8 22. Nb3 Re7 23. Nc5 Nd7 24. Na6 Qb7 25. b5 Nf6 26. Red1 Rc8 27. Nb4 cxb5 0-1

[Event "DESC STS027 email"]
[Site "DESC email"]
[Date "2002.??.??"]
[Round "?"]
[White "Fischer, Kai"]
[Black "Krammer, Werner"]
[Result "0-1"]
[WhiteElo "1922"]
[BlackElo "2009"]
[PlyCount "106"]
[EventDate "2002.??.??"]
[EventType "tourn (corr)"]
[EventRounds "6"]
[EventCountry "GER"]
[SourceTitle "Corr 2004"]
[Source "ChessBase"]
[SourceDate "2003.04.28"]
[SourceVersion "3"]
[SourceVersionDate "2003.04.28"]
[SourceQuality "1"]

1. d4 Nf6 2. f3 c5 3. d5 d6 4. e4 g6 5. c4 Bg7 6. Nc3 0-0 7. Nge2 e6 8. Ng3 exd5 9. cxd5 a6 10. a4 Nbd7 11. Be2 Re8 12. 0-0 Rb8 13. Be3 h5 14. Nh1 Ne5 15. Nf2 Qa5 16. Qc2 Kh8 17. Bg5 Kg8 18. Rfb1 Qc7 19. b4 cxb4 20. Rxb4 Nfd7 21. Rc1 Qa5 22. Rbb1 Nc5 23. Bd2 Qc7 24. Be3 Qa5 25. Bxc5 Qxc5 26. Bxa6 Bh6 27. Rf1 h4 28. Bb5 Re7 29. Qb3 Bd2 30. Ne2 Be3 31. Qc3 Qxc3 32. Nxc3 f5 33. Rb3 Ra8 34. exf5 Bxf5 35. Nce4 Bxf2+ 36. Rxf2 Bxe4 37. fxe4 Kg7 38. Rc3 Nf7 39. h3 Rf8 40. Rf4 g5 41. Rf2 Rb8 42. Kh2 Ne5 43. g4 hxg3+ 44. Rxg3 Nf7 45. Rg4 Kg6 46. Kg2 Ne5 47. Rg3 Rg7 48. Rf5 Kh6 49. Rb3 Ra8 50. Kf2 Nd7 51. Bxd7 Rxd7 52. Rb4 Kg6 53. Kg3 Rh8 0-1

[Event "DESC STS024 email"]
[Site "DESC email"]
[Date "2002.??.??"]
[Round "?"]
[White "Leisebein, Peter"]
[Black "Fischer, Kai"]
[Result "0-1"]
[WhiteElo "2074"]
[BlackElo "2031"]
[PlyCount "37"]
[EventDate "2002.??.??"]
[EventType "tourn (corr)"]
[EventRounds "6"]
[EventCountry "GER"]
[SourceTitle "Corr 2004"]
[Source "ChessBase"]
[SourceDate "2003.04.28"]
[SourceVersion "3"]
[SourceVersionDate "2003.04.28"]
[SourceQuality "1"]

1. d4 d5 2. e4 dxe4 3. Nc3 Nf6 4. f3 exf3 5. Nxf3 e6 6. Bg5 Be7 7. Bd3 c5 8. dxc5 Qa5 9. 0-0 Qxc5+ 10. Kh1 Nbd7 11. Qe1 a6 12. Qh4 Qb4 13. Ne4 Nxe4 14. Bxe7 Qxe7 15. Qxe4 Nf6 16. Qh4 Nd5 17. Qg3 g6 18. Rae1 0-0 19. c4 0-1

[Event "DESC A7Kl013 email"]
[Site "DESC email"]
[Date "2002.??.??"]
[Round "?"]
[White "Pachurka, Roland"]
[Black "Fischer, Kai"]
[Result "1-0"]
[WhiteElo "1803"]
[BlackElo "2098"]
[PlyCount "57"]
[EventDate "2002.??.??"]
[EventType "tourn (corr)"]
[EventRounds "6"]
[EventCountry "GER"]
[SourceTitle "Corr 2004"]
[Source "ChessBase"]
[SourceDate "2003.04.28"]
[SourceVersion "3"]
[SourceVersionDate "2003.04.28"]
[SourceQuality "1"]

1. b4 e5 2. Bb2 Bxb4 3. Bxe5 Nf6 4. Nf3 d6 5. Bc3 Bxc3 6. Nxc3 0-0 7. e3 Re8 8. Be2 a6 9. 0-0 b5 10. d4 b4 11. Nb1 Bb7 12. a3 c5 13. axb4 cxb4 14. c3 Nc6 15. cxb4 Nxb4 16. Nc3 Qc7 17. Qd2 Rec8 18. Rfc1 Qe7 19. Ra4 a5 20. Rca1 Qc7 21. R4a3 Ne4 22. Nxe4 Bxe4 23. Ne1 d5 24. Bd1 Qb6 25. Rc1 Rc4 26. Bb3 Rxc1 27. Qxc1 Qd8 28. Qc5 h6 29. Kf1 1-0